000 00853nam a2200229Ia 4500
001 1227
003 GE_BSU
008 181216s||||||||xx |||||||||||||| ||und||
040 _cGE_BSU
080 _a630(036)
100 _aმირზაშვილი ვ, ყუფარაძე გ.
245 _aსატყეო-სატაქსაციო ცნობარი.
245 _cრედ:გულისაშვილი ვ.
260 _aთბილისი.
260 _bსასოფლო სამეურნეო ინსტიტუტის გამომცემლობა.
260 _c1955.
300 _a304 გვ. 24 სმ.
541 _h20 ლ.
653 _aსატყეო ცნობარი.
653 _aსატყეო-სატაქსაციო ცნობარი.
942 _cBK
999 _c35374
_d35374